000 00360 a2200109 4500
001 ART_45076
005 20260410162038.0
008 260409a
245 1 0 _aSan Luis: del empleo industrial al refugio estatal
100 1 _aPaez, Mónica
773 0 _tRevista de estudios regionales y mercado de trabajo
_g- N° 3 (ene./dic. 2007)
_wREV44894
999 _c34646
_d34646